Multiple Choice City Quiz – Saint Petersburg - Statistics

General Stats
  • This quiz has been taken 11,298 times
  • The average score is 7 of 10
Answer Stats
Question Answer % Correct
Which of these characters is from Saint Petersburg? Anna Karenina
89%
Who founded Saint Petersburg in 1703? Peter the Great
85%
What was Saint Petersburg known as from 1924–1991? Leningrad
83%
What museum is found in Saint Petersburg and has the largest collection of paintings in the world? The Hermitage Museum
78%
Which of these landmarks can you see in Saint Petersburg?
76%
Which was the official residence of the tsar from 1732–1917? Winter Palace
76%
On what body of water is Saint Petersburg located? Gulf of Finland
74%
What took place in Saint Petersburg in 1917? The October Revolution
73%
Which of these statements does NOT apply to St. Petersburg? All its churches were destroyed by the Soviets
50%
What Russian poet and national icon died in a duel in Saint Petersburg in 1837? Alexander Pushkin
46%
No matching quizzes found
Score Distribution
Percent of People with Each Score
Percentile by Number Answered
Your Score History
You have not taken this quiz